| 000 | 01426nam a2200253 a 4500 | ||
|---|---|---|---|
| 008 | 100728s2010 ||||||||||||||||| || u | ||
| 020 | _a9782869783072 | ||
| 050 | _aCODESRIA(02) | ||
| 100 | _aNeocosmos, Michael | ||
| 245 | 1 | 0 |
_aFrom 'foreign natives' to 'native foreigners': explaining xenophobia in post-apatheid South Africa, citizenship and nationalism, identity and politics _cby Michael Neocosmos |
| 260 |
_aDakar, Senegal: _bCouncil for the Development of Social Research in Africa (CODESRIA) _c2010 |
||
| 300 | _axiv, 172p.: ill. | ||
| 350 | _a0.00 | ||
| 362 | 1 | _a<p>CODESRIA Monograph Series, 2006</p> | |
| 490 | _aCODESRIA Book series | ||
| 650 | _aXENOPHOBIA--SOUTH AFRICA | ||
| 650 | _aFOREIGN WORKERS--SOUTH AFRICA | ||
| 650 | _aNATIONALISM--SOUTH AFRICA | ||
| 650 | _aSOUTH AFRICA--EMIGRATION AND IMMIGRATION--GOVERNMENT POLICY | ||
| 710 | _aCouncil for the Development of Social Science Research in Africa (CODESRIA) | ||
| 995 |
_FCBU-MAIN LIBRARY (Kitwe) _I0.00 _M2 _UAVAILABLE _WJan 22, 2013 _ZInternational Publications |
||
| 995 |
_FCBU-DAG HAMMARSKJOLD INSTITUTE LIBRARY _I0.00 _M1 _UAVAILABLE _WJan 7, 2013 _ZDHIPS Book Collection |
||
| 995 |
_FCBU-MAIN LIBRARY (Kitwe) _I0.00 _M3 _UAVAILABLE _WJan 21, 2014 _ZInternational Publications |
||
| 999 |
_c30627 _d30627 |
||